000
00331nam a2200121Ia 4500
008
240624s9999 xx 000 0 und d
041
_a
eng
082
_a
332.622 MOR
100
_a
MARIO AYANO
245
_a
WARREN BUFFETT AN ILLUSTRATED BIOGRAPHY
260
_c
2005
_a
Singapore
_b
John Wiley & Sons
300
_a
ix, : 160 : p. : cm. ; 21
999
_c
9529
_d
9529